Cities by Landmark - Statistics

General Stats
  • This quiz has been taken 197 times
  • The average score is 17 of 24
Answer Stats
Landmark City % Correct
Statue of Liberty New York City
100%
Hollywood Sign Los Angeles
98%
Eiffel Tower Paris
97%
The White House Washington D.C.
95%
Statue of Christ the Redeemer Rio de Janeiro
90%
Burj Khalifa Dubai
89%
Trafalgar Square London
89%
Trevi Fountain Rome
87%
Alcatraz San Francisco
86%
The Forbidden City Beijing
84%
Tahrir Square Cairo
77%
St. Basil's Cathedral Moscow
76%
The Great Sphinx Giza
64%
Bourbon Street New Orleans
60%
Wailing Wall Jerusalem
56%
Graceland Memphis
56%
Statue of Rocky Philadelphia
55%
Hermitage Museum St. Petersburg
54%
The Kaaba Mecca
53%
Charles Bridge Prague
51%
Ryugyong Hotel Pyongyang
51%
St. Mark's Square Venice
50%
Lotus Temple  New Delhi
45%
Burns Monument Edinburgh
29%
No matching quizzes found
Score Distribution
Percent of People with Each Score
Percentile by Number Answered
Your Score History
You have not taken this quiz